000 00553nam a2200193Ia 4500
005 20250923145405.0
008 008 250917s9999 xx 000 0 eng d
037 _aTextual
040 _aDSWL
_beng
_cDSWL
041 _aeng
_2eng
084 _aV2:91'N67, N67
_qDSWL
245 0 _aGeneral election in India 1967
_c Ed.by M. Pattabhiram
260 _aBombay
_bAllied Publishers
_c1967
300 _aviii,403 p.
365 _aINR
_b20 . 0
925 _g20 . 0
942 _cTEXL
_hV2:91'N67, N67
999 _c1450797
_d1450797